000 01153nam1a22002771i 4500
001 RU\NLR\INFOCOMM_89\5000595262
005 20240726010012.0
035 _a(NLR Aleph) 009285277
090 _a9186323
_c9186323
100 _a20100922d1983 |||y0rusy50 ba
101 1 _aeng
_crus
102 _aRU
105 _ay ||||000|y
200 1 _aElectroslag welding and surfacing
_f[Борис Евгеньевич Патон, Михаил Георгиевич Бельфор, Даниил Андреевич Дудко и др.]
_gEd. by B. E. Paton
_gTransl. from the Russ. by Boris V. Kuznetsov
210 _aΜ.
_cMir
_d1983
215 _d22 см
300 _aВ вып. дан.: Электрошлаковая сварка и наплавка
300 _aАвт. указан в вып. дан.
320 _aБиблиогр. в конце тома
686 _aТт-м-484[К641.510.023.2]
_2rubbk
701 1 _9z02790
_aPaton
_bB. E.
_f1918-
_gBoris Evgen'evič
_4070
790 1 _9z02701
_aПатон
_bБ. Е.
_gБорис Евгеньевич
_4070
801 1 _aRU
_bNLR
_c20100922
801 0 _aRU
_bNLR
_gPSBO
852 _aNLR
_jТ37 Д-5/210
942 _cBOOK